000 00492nam a2200181Ia 4500
008 230718s9999 xx 000 0 und d
020 _a9788178001128
041 _aeng
082 _a910.285
_bRED
100 _aReddy M.A.
245 _aText Book Of Remote Sensing And Geographical Information Systems
250 _a3rd ed.
260 _bBS Publications
300 _a453
365 _cRs.
_b450.00
700 _aReddy M.A.
906 _dO:0247824-Jan-2012B:1048431-Dec-2011
_cIT
_b337.5
999 _c329647
_d329647